Paesi più popolosi - Morte improvvisa - Statistics

Statistiche generali
  • Questo quiz è stato fatto 156 volte
  • Il punteggio medio è 11 su 20
Statistiche sulle risposte
Popolazione Paese % Corretto
1 430 M Cina
98%
1 460 M India
96%
350 M Stati Uniti
96%
213 M Brasile
84%
144 M Russia
76%
123 M Giappone
68%
132 M Messico
63%
236 M Nigeria
56%
285 M Indonesia
55%
254 M Pakistan
55%
175 M Bangladesh
50%
84,2 M Germania
47%
117 M Filippine
42%
71,6 M Thailandia
41%
118 M Egitto
39%
87,6 M Turchia
32%
112 M R. D. Congo
31%
101 M Vietnam
27%
135 M Etiopia
26%
92,2 M Iran
24%
Nessun quiz corrispondente trovato
Distribuzione punteggi
Percentuale di utenti per punteggio
Percentile per numero di risposta
I tuoi punteggi nel tempo
Non hai fatto questo quiz